00969nas a2200229Ia 4500001001100000003000900011008004100020040001300061040001300074041001300087100005200100210001800152222001800170245007700188250001100265260002200276501008600298300001800384362003200402500026200434650004300696R152/H9768IT-RoPAU151124c99999999xx |||||||||||| ||und|| aIT-RoPAU cIT-RoPAU aITALIANO aScarcello Maria ElisagCodice Aut. SPICS: 59948 aPARABOLA (LA) aParabola (La) aPARABOLA (LA), ANNO 7-N.18 (MARZO 2010)bPubblicita' Televisiva E Minori a1a ed. aROMAbAIARTc2010 bPaulus - SPICS - Società San Paolo EM (non-commercial uses only)cCopyright2015 a16 p. [83-98] aANNO 007, N.18 (MARZO 2010) aDinamica di Fruizione della Pubblicità da Parte dei Minori. Fattore Assillo: Nag Factor. Bambini Destinatari dei Messaggi Pubblicitari. Obiettivo Strategico, Allevare Consumatori di Domani. Utilizzo dei Bambini Negli Spot Pubblicitari. Potere Delle Immagi aCOMUNICAZIONEvPUBBLICAZIONE PERIODICA